Real time UML : (Record no. 649)

MARC details
000 -LEADER
fixed length control field 01175nac a22002531u 4500
010 ## - LIBRARY OF CONGRESS CONTROL NUMBER
LC control number 2003022902
020 ## - INTERNATIONAL STANDARD BOOK NUMBER
International Standard Book Number 0321160762 (alk. paper)
020 ## - INTERNATIONAL STANDARD BOOK NUMBER
International Standard Book Number 8129705222
082 00 - DEWEY DECIMAL CLASSIFICATION NUMBER
Classification number 005.117
Item number D7372
090 ## - LOCALLY ASSIGNED LC-TYPE CALL NUMBER (OCLC); LOCAL CALL NUMBER (OCLC)
-- 649
-- 649
100 ## - MAIN ENTRY--PERSONAL NAME
Personal name Douglass, Bruce Powel.
245 10 - TITLE STATEMENT
Title Real time UML :
Remainder of title advances in the UML for real-time systems /
Statement of responsibility, etc Bruce Powel Douglass.
250 ## - EDITION STATEMENT
Edition statement 3rd ed.
260 ## - PUBLICATION, DISTRIBUTION, ETC. (IMPRINT)
Place of publication, distribution, etc New Delhi :
Name of publisher, distributor, etc Pearson Education,2004
Date of publication, distribution, etc 2004.
300 ## - PHYSICAL DESCRIPTION
Extent xlix, 694 p. :
Other physical details ill. ;
Dimensions 24 cm.
504 ## - BIBLIOGRAPHY, ETC. NOTE
Bibliography, etc Includes bibliographical references and index.
650 #0 - SUBJECT ADDED ENTRY--TOPICAL TERM
Topical term or geographic name as entry element Embedded computer systems
General subdivision Programming.
650 #0 - SUBJECT ADDED ENTRY--TOPICAL TERM
Topical term or geographic name as entry element Real-time data processing.
650 #0 - SUBJECT ADDED ENTRY--TOPICAL TERM
Topical term or geographic name as entry element Object-oriented methods (Computer science)
856 41 - ELECTRONIC LOCATION AND ACCESS
Materials specified Table of contents
Uniform Resource Identifier <a href="http://www.loc.gov/catdir/toc/ecip0410/2003022902.html">http://www.loc.gov/catdir/toc/ecip0410/2003022902.html</a>
942 ## - ADDED ENTRY ELEMENTS (KOHA)
Item type Book - Borrowing
Call number prefix 005.117D7372
Holdings
Withdrawn status Item status Source of classification or shelving scheme Damaged status Not for loan Vendor Home library Current library Shelving location Date acquired Source of acquisition Cost, normal purchase price Total Checkouts Total Renewals Full call number Barcode Date last seen Date last borrowed Cost, replacement price Koha item type
    Dewey Decimal Classification       Central Library Central Library Lower Floor 20/07/2006   300.00 2 2 005.117 DOU 000003956 15/07/2025 28/03/2011 375.00 Book - Borrowing
    Dewey Decimal Classification       Central Library Central Library Lower Floor 07/02/2007   300.00 3 3 005.117 DOU 000002295 15/07/2025 01/03/2012 375.00 Book - Borrowing